[Event "Nuremberg Zabo op 11th"]
[Site "Nuremberg"]
[Date "2009.09.19"]
[Round "2"]
[White "Hoffmann, Winfried"]
[Black "Leopold, Kerstin"]
[Result "1-0"]
[WhiteElo "1505"]
[BlackElo "1090"]
[PlyCount "48"]
[EventDate "2009.09.18"]
[EventType "swiss"]
[EventRounds "5"]
[EventCountry "GER"]
[SourceTitle "EXT 2012"]
[Source "ChessBase"]
[SourceDate "2011.11.24"]
[SourceVersion "1"]
[SourceVersionDate "2011.11.24"]
[SourceQuality "1"]

1. e4 e5 2. Nf3 Nc6 3. d4 exd4 4. Bc4 d6 5. Nxd4 Ne5 6. Bb3 c5 7. Ne2 Nf6 8. Bf4 b5 9. Bxe5 dxe5 10. Bxf7+ Kxf7 11. Qxd8 Be7 12. Qd2 Nxe4 13. Qd5+ Be6 14. Qxe4 Rhd8 15. Nbc3 b4 16. Qf3+ Kg8 17. Ne4 Rf8 18. Qe3 Rad8 19. Rd1 Rxd1+ 20. Kxd1 Rd8+ 21. Kc1 a5 22. Rd1 Bc8 23. Rxd8+ Bxd8 24. Ng5 h6 1-0

[Event "Nuremberg Zabo op 08th"]
[Site "Nuremberg"]
[Date "2006.09.24"]
[Round "4"]
[White "Leopold, Kerstin"]
[Black "Stohl, Leonie"]
[Result "0-1"]
[WhiteElo "1145"]
[BlackElo "1108"]
[PlyCount "78"]
[EventDate "2006.09.22"]
[EventType "swiss"]
[EventRounds "5"]
[EventCountry "GER"]
[SourceTitle "EXT 2018"]
[Source "ChessBase"]
[SourceDate "2017.10.13"]
[SourceVersion "1"]
[SourceVersionDate "2017.10.13"]
[SourceQuality "1"]

1. d4 f5 2. Bf4 b6 3. Qd3 g6 4. Nc3 Nf6 5. f3 e6 6. 0-0-0 Ba6 7. Qd2 Bb4 8. a3 Bxc3 9. Qxc3 Nd5 10. Qd2 Bb7 11. e4 Nf6 12. exf5 gxf5 13. Ne2 Nc6 14. Nc3 Ne7 15. Rg1 Ned5 16. Bc4 d6 17. Rde1 Qd7 18. g4 Nxc3 19. Qxc3 Nd5 20. Qd2 0-0-0 21. gxf5 exf5 22. Bxd5 Bxd5 23. Bg5 Rde8 24. f4 Be4 25. c3 h6 26. Bh4 Qe6 27. Qe3 Qa2 28. Re2 Qb1+ 29. Kd2 Qxb2+ 30. Ke1 Qb1+ 31. Kf2 Qd3 32. Qxd3 Bxd3 33. Rxe8+ Rxe8 34. Rd1 Be4 35. c4 c5 36. dxc5 dxc5 37. a4 Rg8 38. Ke1 Bc2 39. Ra1 Rg1+ 0-1

[Event "Nuremberg Zabo op 07th"]
[Site "Nuremberg"]
[Date "2005.09.24"]
[Round "3"]
[White "Leopold, Kerstin"]
[Black "Klein, Markus"]
[Result "0-1"]
[WhiteElo "1215"]
[BlackElo "1620"]
[PlyCount "66"]
[EventDate "2005.09.23"]
[EventType "swiss"]
[EventRounds "5"]
[EventCountry "GER"]
[SourceTitle "EXT 2012"]
[Source "ChessBase"]
[SourceDate "2011.11.24"]
[SourceVersion "1"]
[SourceVersionDate "2011.11.24"]
[SourceQuality "1"]

1. d4 d5 2. Nf3 Nf6 3. e3 c6 4. b3 Bf5 5. Be2 Ne4 6. 0-0 Nd7 7. Nbd2 Ndf6 8. Bb2 e6 9. Nh4 Bg6 10. Ndf3 Rc8 11. Ne5 c5 12. c4 Be7 13. f3 Nd6 14. dxc5 Rxc5 15. Bd4 Rc8 16. Bxa7 dxc4 17. Nxc4 Nd5 18. Bd4 Bxh4 19. Bxg7 Rg8 20. Bd4 Nf5 21. g3 Bf6 22. Qd2 Nxd4 23. exd4 h5 24. Ne3 Nxe3 25. Qxe3 Bxd4 26. Bb5+ Ke7 27. Rad1 Bxe3+ 28. Kg2 Rc2+ 29. Kh3 Bf5+ 30. g4 hxg4+ 31. fxg4 Bxg4+ 32. Kh4 Rxh2+ 33. Kg3 Qc7+ 0-1

[Event "Nuremberg Zabo op 06th"]
[Site "Nuremberg"]
[Date "2004.09.25"]
[Round "2"]
[White "Leopold, Kerstin"]
[Black "Hestermann, Hans Ludwig"]
[Result "0-1"]
[WhiteElo "1226"]
[BlackElo "1667"]
[PlyCount "64"]
[EventDate "2004.09.24"]
[EventType "swiss"]
[EventRounds "5"]
[EventCountry "GER"]
[SourceTitle "EXT 2012"]
[Source "ChessBase"]
[SourceDate "2011.11.24"]
[SourceVersion "1"]
[SourceVersionDate "2011.11.24"]
[SourceQuality "1"]

1. e4 e6 2. Nf3 d5 3. Nc3 d4 4. Nb5 c5 5. c3 a6 6. Na3 Nc6 7. d3 e5 8. Be2 f5 9. Ng5 Be7 10. Nh3 Nf6 11. exf5 Bxf5 12. Ng5 0-0 13. 0-0 h6 14. Nf3 Qc7 15. Qb3+ Kh7 16. Nh4 Bg4 17. Bxg4 Nxg4 18. Nf3 e4 19. dxe4 Rxf3 20. g3 Raf8 21. Bf4 Bd6 22. e5 Bxe5 23. Qc2+ Kh8 24. Qe2 R8xf4 25. gxf4 Rxf4 26. f3 Nxh2 27. Rf2 Rh4 28. Kg2 Qd7 29. Rh1 Qh3+ 30. Kg1 Qg3+ 31. Rg2 Nxf3+ 32. Kf1 Rxh1+ 0-1